000 00304nam a22001457a 4500
008 221115b ||||| |||| 00| 0 eng d
020 _a1568810121
041 _aeng
080 _a521
082 _a521 HAR
100 _a19.1
101 _aASTRO
245 _aSTELLAR
_cHARPAZ AMOS
942 _2udc
_cBK
999 _c58904
_d58904